| 000 | 01218aam a2200457 4500 | ||
|---|---|---|---|
| 005 | 20251024140658.0 | ||
| 008 | 150727b2005 xxu||||| |||| 00| 0 spa d | ||
| 020 | _a9789685948296 | ||
| 041 | _aESP | ||
| 082 | _a363.25 R457t | ||
| 100 |
_aReyes Calderón, José Adolfo _938475 |
||
| 245 | _aTratado de criminalística | ||
| 260 | _aMéxico | ||
| 260 | _bCardenas Velasco Editores | ||
| 260 | _c2005 | ||
| 300 | _a763 páginas | ||
| 490 | _aInvestigación Criminal | ||
| 650 | _aINVESTIGACIÓN CRIMINAL | ||
| 650 | _aCRIMINALÍSTICA | ||
| 650 | _aESCENA DEL CRIMEN | ||
| 650 | _aFOTOGRAFÍA | ||
| 650 | _aPLANIMETRÍA | ||
| 650 | _aRASTROS | ||
| 650 | _aDACTILOSCOPÍA | ||
| 650 | _aHUELLAS | ||
| 650 | _aRECONSTRUCCIÓN FACIAL | ||
| 650 | _aSEMENOLOGÍA FORENSE | ||
| 650 | _aBALÍSTICA | ||
| 650 | _aODONTOSCOPÍA | ||
| 650 | _aODONTOLOGÍA FORENSE | ||
| 650 | _aTOXICOLOGÍA | ||
| 650 | _aDOCUMENTOSCOPÍA | ||
| 650 | _aIDENTIFICACIÓN DE BIENES MUEBLES | ||
| 650 | _aTÉCNICAS DE ENTREVISTA | ||
| 650 | _aINTERROGATORIO | ||
| 650 | _aENTREVISTA | ||
| 650 | _aLABORATORIO CRIMINALÍSTICO | ||
| 650 | _aPRUEBA PERICIAL | ||
| 650 | _aINVESTIGADOR | ||
| 942 |
_cBK _2ddc |
||
| 999 |
_c6544 _d6544 |
||